| 000 | 00365nam a2200145Ia 4500 | ||
|---|---|---|---|
| 008 | 230312s9999||||xx |||||||||||||| ||und|| | ||
| 020 | _a81-265-6403-3 | ||
| 082 |
_a620.1 _bMER-E |
||
| 100 | _aMeriam;J.L | ||
| 245 | 0 | _aEngineering Mechanics Statics SI Version | |
| 260 |
_bWiley _aIndia _c2017 |
||
| 300 | _a513 | ||
| 650 |
_aEngineering _vMechanical |
||
| 942 | _cBK | ||
| 999 |
_c12789 _d12789 |
||